Reference catalogue of bright galaxies (Record no. 4587)

MARC details
000 -LEADER
fixed length control field 00742nam a2200217Ia 4500
003 - CONTROL NUMBER IDENTIFIER
control field IN-BaIIA
008 - FIXED-LENGTH DATA ELEMENTS--GENERAL INFORMATION
fixed length control field 211028s9999 xx 000 0 eng d
040 ## - CATALOGING SOURCE
Transcribing agency IIA Library
080 ## - UNIVERSAL DECIMAL CLASSIFICATION NUMBER
Universal Decimal Classification number 083.8:52
Item number DEV
100 ## - MAIN ENTRY--PERSONAL NAME
Personal name de Vaucouleurs, Gerard
9 (RLIN) 1262
245 #0 - TITLE STATEMENT
Title Reference catalogue of bright galaxies
Statement of responsibility, etc. Gerard de Vaucouleurs and Antoinette de Vaucouleurs
250 ## - EDITION STATEMENT
Edition statement 1st ed.
260 ## - PUBLICATION, DISTRIBUTION, ETC.
Place of publication, distribution, etc. Austin
Name of publisher, distributor, etc. University of Texas Press
Date of publication, distribution, etc. 1964
300 ## - PHYSICAL DESCRIPTION
Extent 268p.
490 ## - SERIES STATEMENT
Series statement The University of Texas monographs in astronomy; no. 1
650 ## - SUBJECT ADDED ENTRY--TOPICAL TERM
Topical term or geographic name entry element  Bright galaxies catalogue
9 (RLIN) 8083
650 ## - SUBJECT ADDED ENTRY--TOPICAL TERM
Topical term or geographic name entry element  Catalogue-Bright galaxies 
9 (RLIN) 8084
650 ## - SUBJECT ADDED ENTRY--TOPICAL TERM
Topical term or geographic name entry element Astronomy and Astrophysics Thesaurus 
9 (RLIN) 1143
700 ## - ADDED ENTRY--PERSONAL NAME
Personal name de Vaucouleurs, Antoinette
9 (RLIN) 8085
942 ## - ADDED ENTRY ELEMENTS (KOHA)
Koha item type Books
952 ## - LOCATION AND ITEM INFORMATION (KOHA)
-- 17.50
Holdings
Withdrawn status Lost status Damaged status Not for loan Home library Current library Shelving location Date acquired Total Checkouts Full call number Barcode Date last seen Price effective from Koha item type
        IIA Library-Bangalore IIA Library-Bangalore General Stacks 27/12/1974   083.8:52/ DEV 5118 05/11/2021 27/12/1974 Books

Powered by Koha